000 00575nam a2200217Ii 4500
003 JO-AjNU
008 230606s9999||||xx |||||||||||||| ||und||
020 _a978-81-89757-70-0
040 _aJO-AjNU
_beng
_erda
_cJO-AjNU
041 _aeng
050 1 4 _aQA76.73.2008
100 3 _ajha.s.k,
_eauthor
_9305
245 0 0 _aprogramming in c
250 _a1 ed
264 3 1 _aNewDelhi:S.K KATARIA SONS,2008
300 _a519p
336 _atext
_btxt
_2rdacontent
337 _aunmediated
_bn
_2rdamedia
338 _avolume
_bnc
_2rdacarrier
650 4 _aprogramming in c
_9306
999 _aE161
_c161
_d161